00712nam a2200181 a 4500003000200000005001700002008004100019050002900060100002700089245006100116260009000177300004000267504004100307650006400348650004100412650003900453650003800492020250218092044.0110617s19uu xx 00 eng d aPHS SB 317.R3b.V61 2011 aVersoza, Juan Paolo Y. aRadish extract as a molluscide /cJuan Paolo Y. Versoza. aLas Piñas City, Philippines :bSouthville International School and Colleges,c2011. a20 pages :billustrations ;c28 cm. aIncludes bibliographical references. aRadish (Raphanus sativus)xExtractsvPesticidal properties. aMolluscicidesxNatural alternatives. aBiological pest controlxMollusks. aPlant extractsxAgricultural use.